In too deep (Record no. 5121)
[ view plain ]
| 000 -CABECERA | |
|---|---|
| campo de control de longitud fija | 01124nam a22002417a 4500 |
| 008 - DATOS DE LONGITUD FIJA--INFORMACIÓN GENERAL | |
| campo de control de longitud fija | 251029b |||||||| |||| 00| 0 eng d |
| 020 ## - NÚMERO INTERNACIONAL ESTÁNDAR DEL LIBRO | |
| Número Internacional Estándar del Libro | 9781804993675 |
| 040 ## - FUENTE DE LA CATALOGACIÓN | |
| Centro/agencia transcriptor | TBS |
| 041 ## - CÓDIGO DE LENGUA | |
| Código de lengua del texto/banda sonora o título independiente | eng |
| 050 ## - SIGNATURA TOPOGRÁFICA DE LA BIBLIOTECA DEL CONGRESO | |
| Número de clasificación | PS3553.H4838 |
| Número de documento/Ítem | I58 2024 |
| 100 ## - ENTRADA PRINCIPAL--NOMBRE DE PERSONA | |
| Nombre de persona | Child, Lee |
| 9 (RLIN) | 26375 |
| Término indicativo de función/relación | author |
| 245 ## - MENCIÓN DE TÍTULO | |
| Título | In too deep |
| Mención de responsabilidad, etc. | / Lee Child. |
| 260 ## - PUBLICACIÓN, DISTRIBUCIÓN, ETC. | |
| Lugar de publicación, distribución, etc. | London, |
| Nombre del editor, distribuidor, etc. | Transworld Publishers, |
| Fecha de publicación, distribución, etc. | 2024. |
| 300 ## - DESCRIPCIÓN FÍSICA | |
| Extensión | 382 pages ; |
| Dimensiones | 20 cm. |
| 490 ## - MENCIÓN DE SERIE | |
| Mención de serie | Jack Reacher novel ; |
| Designación de volumen o secuencia | 29 |
| 520 ## - SUMARIO, ETC. | |
| Sumario, etc. | Jack Reacher wakes up, alone, in the dark, handcuffed to a bed in a makeshift hospital room. His few possessions are gone. He has no memory of getting there. The last thing he can recall is the car he had hitched a ride in getting run off the road. The driver was killed. The people who staged the attack assume Reacher was the driver's accomplice and patch up his wounds as they plan to make him talk. |
| 600 #0 - PUNTO DE ACCESO ADICIONAL DE MATERIA--NOMBRE DE PERSONA | |
| Nombre de persona | Reacher, Jack (Fictitious character) |
| Subdivisión de forma | Fiction |
| 9 (RLIN) | 26376 |
| 650 #0 - PUNTO DE ACCESO ADICIONAL DE MATERIA--TÉRMINO DE MATERIA | |
| Término de materia o nombre geográfico como elemento de entrada | Kidnapping |
| Subdivisión de forma | Fiction |
| 9 (RLIN) | 26377 |
| 650 #0 - PUNTO DE ACCESO ADICIONAL DE MATERIA--TÉRMINO DE MATERIA | |
| Término de materia o nombre geográfico como elemento de entrada | Military police |
| Subdivisión de forma | Fiction |
| 9 (RLIN) | 26378 |
| 650 #0 - PUNTO DE ACCESO ADICIONAL DE MATERIA--TÉRMINO DE MATERIA | |
| Término de materia o nombre geográfico como elemento de entrada | Traffic accidents |
| Subdivisión de forma | Fiction |
| 9 (RLIN) | 26379 |
| 655 #0 - TÉRMINO DE INDIZACIÓN--GÉNERO/FORMA | |
| Datos o término principal de género/forma | Thrillers (Fiction) |
| 9 (RLIN) | 22669 |
| 942 ## - ELEMENTOS DE ENTRADA AGREGADA (KOHA) | |
| Fuente del sistema de clasificación o colocación | Clasificación de Library of Congress |
| Estado de retiro | Estado de pérdida | Fuente del sistema de clasificación o colocación | Estado dañado | No para préstamo | Biblioteca de origen | Biblioteca actual | Fecha de adquisición | Total de préstamos | Signatura topográfica completa | Código de barras | Fecha visto por última vez | Número de copia | Precio válido a partir de | Tipo de ítem Koha |
|---|---|---|---|---|---|---|---|---|---|---|---|---|---|---|
| Clasificación de Library of Congress | TBS Barcelona | TBS Barcelona | 29/10/2025 | P-EN CHI | B05681 | 29/10/2025 | 1 | 29/10/2025 | Book |

